000 01906nam a22003257a 4500
999 _c21769
_d21769
003 AR-CdUCM
008 190425b ||||| |||| 00| 0 spa d
040 _aMUNICIPALIDAD PROVINCIAL DEL CUSCO
_cBIBLIOTECA MUNICIPAL DEL CUSCO
082 _aRev.Univ/N°115/1958
110 _aUniversidad Nacional de San Antonio Abad del Cusco
_915942
245 _aRevista Universitaria :
_bÓrgano de la Universidad del Cuzco /
260 _aCusco :
_b H.G. Rozas,
_c1958.
300 _a403 páginas. :
_c20 cm.
440 _aRevista Universitaria
_nAño XLVII, 2° semestre 1958, N°115.
_946022
505 _aContenido: Nuestra Universidad Regional. Eduardo Marmanillo. -- Universidad y emancipación nacional. Carlos Ferdinand Cuadros. -- Tiempo estilo y proceso cultural en la Arqueología Peruana. John Rowe. -- Ramón Castilla y la esclavitud. Benjamín Rojas Díaz. -- Del individua al Estado. Rosa Rivero de Zuñiga. -- Fonemización y graficación del Runasimi. Andres Alencastre. -- Carácter esclavista patriarcal de la moral Inca. Carlos Núñez Anavitarte. -- La idea de los incas como factor favorable a la Independencia. Horacio Villanueva Urteaga. -- Reconocimiento geográfico de Q´ero. Mario Escobar Moscoso. -- El Ollantay. Alfredo Yépez Miranda. -- Reforma Universitaria en el Cuzco. Rodolfo Zamalloa Loayza.
650 _aComunidades campesinas
_92214
650 _aIndependencia peruana
_923196
650 _aRamón Castilla
_98385
650 _aComunidad Qero
_946020
650 _aReforma Universitaria
_91992
700 _aVillanueva Urteaga, Horacio
_95790
700 _aYépez Miranda, Alfredo
_94230
700 _aRowe, John
_946023
700 _aRojas Díaz, Benjamín
_932205
700 _aEscobar Moscoso, Mario
_931091
700 _aZamalloa Loayza, Rodolfo
_946005
710 _aUniversidad Nacional de San Antonio Abad del Cusco
_915942
942 _2ddc
_cPP
945 _arac